01079nam a22002415i 4500001000700000003000900007005001700016008004100033040001300074080001600087100004600103245008600149260010300235300002200338490003800360530003500398650002000433830004600453852004900499856013100548999001900679952013900698154605ES-MaACL20230906205807.0940301s1888 sp |||| | spa d aAS bspa a159.928.2351 aGonzález Serrano, U.,d1848-190495896813aLa asociación como ley general de la educación / cpor U. González Serrano. aBarcelona : bLibrería de Juan y Antonio Bastinos, c1888 (fImp. de la Viuda de Hernando y Cª) a160 p. ; c20 cm.1 aBiblioteca del maestro. 2ª serie aDisponible en formato digital. 4aMemoria.9149891 aBiblioteca del maestro. 2ª serie9221502 aES-MaACLjF-7431 z-- Enc. pasta española uhttp://ciconia.gobex.es/biblioteca/es/consulta/registro.cmd?id=4382zBiblioteca Digital del Patrimonio Cultural de Extremadura c154605d154605 001040708Colección_digitalaATENEOMbATENEOMcDEPO2d2008-01-17eSSCl0oF-7431p1161699r2023-02-23 00:00:00w2023-02-23yMONANT